4 Letter Answers Quiz Stats

 Plays Quiz Updated Sep 27, 2018

Score 0/30 Timer 08:00
5 Plays Today
Hint Answer % Correct
Adam and Eve paradiseEden
84.8%
Great lake west of OntarioErie
81.9%
Flowering succulent often used for skin soothingAloe
79.9%
Musical piece for one voiceAria
79.3%
Chocolate Cookie with white lard or cream fillingOreo
72.7%
Capital of NorwayOslo
70.4%
Double reed wind instrumentOboe
69.7%
Largest species of dolphin; killer whaleOrca
68.3%
Russian supreme leaderTsar
58.6%
Poker pot starterAnte
57.2%
Captain Hook's right hand manSmee
57.1%
'Moby-Dick' captainAhab
52.2%
Strummed stringed musical instrumentLyre
51.9%
Irish for the island of IrelandErin or Eire
45.6%
Queens stadium of the Mets (1964 to 2008)Shea
45.1%
Hint Answer % Correct
Fencing weapon; french for 'sword'Epee
45%
Court sport; Jai ___Alai
42.4%
A type of margarine spreadOleo
38.7%
Dutch cheese w/red parafin waxEdam
32.9%
'Othello' villainIago
32.5%
Newspaper humorist BombeckErma
31%
Nick and Nora's dog, from 'The Thin Man'Asta
28%
Islamic priest or mosque leaderImam
27%
Jesus' cross inscription acronymINRI
24.8%
Rick's love in 'Casablanca'Ilsa
18.7%
Mrs. Charlie Chaplin (nee O'Neill)Oona
13.3%
Title character from 1997 Peter Fonda movieUlee
10.1%
Urban region and river in western GermanyRuhr
8.9%
Herman Melville's second novel, 1847Omoo
7.8%
River of northwest IrelandErne
2.4%

You're not logged in!

Compare scores with friends on all Sporcle quizzes.
OR
Log In

Sporcle TV

Today on Sporcle TV


Watch our educational content, quiz creation guides, and fun videos on Sporcle TV.

Show Comments

Extras

Top Quizzes Today


Score Distribution

Your Account Isn't Verified!

In order to create a playlist on Sporcle, you need to verify the email address you used during registration. Go to your Sporcle Settings to finish the process.

Report this User

Report this user for behavior that violates our Community Guidelines.

Details: